000 00364nam a2200133Ia 4500
008 220217s9999||||xx |||||||||||||| ||und||
020 _a9788120328594
082 _a658.84 ALT
100 _aAltekar, Rahul, V
245 0 _aSupply chain management
260 _aPrentice hall of india
_bNEw Delhi
_c2012
300 _aXVII, 453p.
_b250
650 _aMANAGEMENT
999 _c184056
_d184056